000 00731nam a22002537a 4500
001 127283
003 UA-OsUOA
005 20220413215809.0
007 ta
008 20171123b un ||||| |||| 00| 0 ukr d
020 _a9666380080
040 _aUA-OsUOA
_bukr
_cUA-OsUOA
_dUA-OsUOA
041 _aukr
080 _a323.28:101
090 _a323.28:101
_bО-79
100 _aОстроухов В. В.
245 _aФілософські проблеми дослідження насилля і терору
_bмонографія
260 _aК.
_bУЦДК
_c2000
300 _a248 с.
650 7 _a32 Політика
_2UDC
942 _cBK
_2udc
955 _a1
999 _c414434
_d414434